Name a Top 1000 Quizmaker A-Z - Statistics

General Stats
  • This quiz has been taken 39 times
  • The average score is 12 of 27
Answer Stats
Letter Quizmaker % Correct
S Stewart, scambigol, skukka + more
88%
M miki2003, Mewthree, mac212121 + more
70%
Q Quizzer6794, Quizgas, QuizzerBros + more
70%
J Jerry928, Jiaozira, Jato + more
67%
B BolyaiAnna, baptistegorce, buck1017 + more
64%
G Gamer1162, Gassu, Geoguy + more
61%
K KoljiVriVoda, kiwirage, katsudk + more
61%
N nichster, Nathaniel, Nygaut + more
58%
D dub, Dekkie, Dimby + more
55%
R relessness, Ravisseur, RLJ + more
55%
T Tottenham63, ThirdParty, ThatOnePunk + more
52%
E Elboy, elijahwade, exotic + more
48%
H HinesBrothers, History4, henrigolo + more
48%
C CBTemple, Cedo, cosmokim + more
42%
P peardestroyer, Penguinish, Pandryf + more
42%
A ArjayPL, Aaron197, alberici + more
39%
L LBA, Levisek27, lele20 + more
39%
F Fouquets, Fifi567, Freely + more
36%
V Vicky, Vic1452, valdo94 + more
36%
I interopia, islabonita, ImDB + more
30%
O overtired, orez, orlman0812 + more
30%
U UG332, UltraSven, USA + more
24%
W WolfCam, WhiskeyTangoFoxtrot, warum34 + more
18%
Y youtubeplayer, Youri704, YungBabass + more
18%
X xXSeanCuber22Xx, X2theB, Xabi + more
12%
0-9 100Greats, 81928128, 00Rem + more
6%
Z Zefyrinus, zwerth66, zwirek578 + more
6%
No matching quizzes found
Score Distribution
Percent of People with Each Score
Percentile by Number Answered
Your Score History
You have not taken this quiz